Loading...
| Literature - British Literature | 2 | 3 | 0 | 0 | 60 | 27 | 86.60 | 2 | 5 |
| Science - Biology | 2 | 2 | 1 | 2 | 45 | 40 | 65.50 | 1 | 4 |
| Fine Arts - Other Fine Arts | 3 | 1 | 3 | 0 | 40 | 62 | 75.00 | 3 | 4 |
| Literature - World Literature | 0 | 3 | 0 | 1 | 30 | 103 | 122.00 | 0 | 3 |
| Social Science | 0 | 3 | 1 | 1 | 25 | 81 | 92.67 | 1 | 2 |
| History - European History | 0 | 2 | 0 | 2 | 20 | 124 | 131.50 | 0 | 1 |
| Fine Arts - Visual Fine Arts | 0 | 3 | 3 | 0 | 15 | 83 | 104.33 | 0 | 3 |
| Religion | 0 | 2 | 2 | 1 | 10 | 88 | 96.50 | 0 | 2 |
| Science - Chemistry | 0 | 1 | 0 | 0 | 10 | 103 | 103.00 | 0 | 1 |
| History - Other History | 0 | 1 | 0 | 0 | 10 | 65 | 65.00 | 0 | 1 |
| Literature - American Literature | 0 | 1 | 0 | 1 | 10 | 129 | 129.00 | 0 | 1 |
| Other Academic | 0 | 1 | 1 | 1 | 5 | 127 | 127.00 | 0 | 0 |
| Philosophy | 0 | 1 | 2 | 0 | 0 | 69 | 69.00 | 1 | 1 |
| Fine Arts - Auditory Fine Arts | 0 | 0 | 1 | 0 | -5 | 0.00 | 0 | 0 | |
| Geography | 0 | 0 | 1 | 0 | -5 | 0.00 | 0 | 0 | |
| History - American History | 0 | 0 | 1 | 0 | -5 | 0.00 | 0 | 0 | |
| Science - Other Science | 0 | 0 | 1 | 0 | -5 | 0.00 | 0 | 0 | |
| Science - Physics | 0 | 0 | 1 | 0 | -5 | 0.00 | 0 | 0 | |
| Literature - European Literature | 0 | 0 | 3 | 0 | -15 | 0.00 | 0 | 0 |